000 00267nam a2200121 i 4500
001 bg
245 0 _aSytuacje psychologiczne człowieka.
260 _aWrocław,
_c1982.
040 _cBPK
041 _apol
942 _cKS
008 s pl f |000 0 pol
999 _c20918
_d20918
856 _uhttp://koha.tu.koszalin.pl/cgi-bin/koha/opac-detail.pl?biblionumber=20918
_yKatalog online BPK